[Event "Fort Lauderdale 1000 GM IM 08"]
[Site "Fort Lauderdale"]
[Date "2023.08.02"]
[Round "1"]
[White "Johnson, Donald"]
[Black "Barrientos Chavarriaga, Sergio E"]
[Result "0-1"]
[WhiteElo "2175"]
[BlackElo "2469"]
[PlyCount "102"]
[EventDate "2023.08.02"]
[EventType "tourn"]
[EventRounds "9"]
[EventCountry "USA"]
[SourceTitle "CBM 215 Extra"]
[Source "ChessBase"]
[SourceDate "2023.09.30"]
[SourceVersion "1"]
[SourceVersionDate "2023.09.30"]
[SourceQuality "1"]

1. e4 c5 2. Nf3 e6 3. d4 cxd4 4. Nxd4 a6 5. Bd3 Bc5 6. Nb3 Be7 7. Qg4 g6 8. Qe2 Nc6 9. Nc3 d6 10. Be3 Nf6 11. Bh6 b5 12. a3 Bb7 13. 0-0-0 Nd7 14. f4 b4 15. axb4 Nxb4 16. Kb1 Rc8 17. f5 Bf6 18. fxe6 fxe6 19. Bc4 Qe7 20. Nd4 Nc5 21. Rhf1 Rb8 22. Qg4 Nc6 23. Nxe6 Ne5 24. Qf4 Nxc4 25. Qxf6 Qxf6 26. Rxf6 Nxe6 27. Rxe6+ Kf7 28. Rdxd6 Nxd6 29. Rxd6 Rbd8 30. Rb6 Rd7 31. Nd5 Bxd5 32. exd5 Rxd5 33. Rxa6 Rc8 34. b3 g5 35. Kc1 Rf5 36. h4 gxh4 37. Be3 Re8 38. Bd4 Re4 39. Ba7 Rg5 40. Rh6 Kg7 41. Rd6 Rxg2 42. Bd4+ Kf7 43. Ba7 h3 44. Rd1 h2 45. Rh1 Ree2 46. Bd4 Rxc2+ 47. Kb1 Rcd2 48. Bc5 Rg1+ 49. Bxg1 Rd1+ 50. Kc2 hxg1Q 51. Rxg1 Rxg1 0-1

[Event "Philadelphia op 16th"]
[Site "Philadelphia"]
[Date "2023.06.26"]
[Round "6"]
[White "Slade, Theodore"]
[Black "Johnson, Donald"]
[Result "0-1"]
[WhiteElo "1992"]
[BlackElo "2160"]
[PlyCount "130"]
[EventDate "2023.06.24"]
[EventType "swiss"]
[EventRounds "9"]
[EventCountry "USA"]
[SourceTitle "CBM 215 Extra"]
[Source "ChessBase"]
[SourceDate "2023.09.30"]
[SourceVersion "1"]
[SourceVersionDate "2023.09.30"]
[SourceQuality "1"]

1. d4 Nf6 2. c4 e6 3. g3 d5 4. Bg2 Bb4+ 5. Bd2 Be7 6. Nf3 0-0 7. 0-0 Nbd7 8. Qc2 c6 9. Bf4 b6 10. cxd5 cxd5 11. Bc7 Qe8 12. Nc3 Ba6 13. Qa4 Nb8 14. Qxe8 Rxe8 15. Rfc1 Nc6 16. Bf1 Rac8 17. Bf4 h6 18. h4 Red8 19. Rc2 Ne4 20. Rd1 Nb4 21. Rcc1 Nxc3 22. Rxc3 Rxc3 23. bxc3 Nxa2 24. Bd2 Ba3 25. Rb1 Rc8 26. e3 Bxf1 27. Kxf1 Bf8 28. Ng1 b5 29. Rxb5 Nxc3 30. Ra5 Ne4 31. Be1 Rc7 32. f3 Nd6 33. Kf2 Nc4 34. Ra6 Be7 35. Ne2 Kf8 36. Nf4 Ke8 37. e4 Bf6 38. e5 Bd8 39. Nd3 Rb7 40. Ke2 Bb6 41. Bc3 Rc7 42. Ba1 Na5 43. Nc5 Bxc5 44. dxc5 Nb3 45. c6 Nc5 46. Ra5 Nb3 47. Ra3 Nxa1 48. Rxa1 Rxc6 49. Rxa7 g6 50. h5 gxh5 51. Ra8+ Ke7 52. Rh8 Rc2+ 53. Ke3 Rc3+ 54. Kf2 Rc2+ 55. Ke3 Rg2 56. Rxh6 Rxg3 57. Rxh5 Kf8 58. Rh8+ Kg7 59. Rd8 Rg5 60. f4 Rg3+ 61. Kf2 Ra3 62. f5 Ra4 63. Rd6 Rf4+ 64. Ke3 Rxf5 65. Kd4 Rf4+ 0-1

[Event "CAN Transnational op"]
[Site "Montreal"]
[Date "2023.06.09"]
[Round "5"]
[White "Msellek, Ilyass"]
[Black "Johnson, Donald"]
[Result "1-0"]
[WhiteElo "2405"]
[BlackElo "2160"]
[PlyCount "67"]
[EventDate "2023.06.06"]
[EventType "swiss"]
[EventRounds "9"]
[EventCountry "CAN"]
[SourceTitle "CBM 214 Extra"]
[Source "ChessBase"]
[SourceDate "2023.07.31"]
[SourceVersion "1"]
[SourceVersionDate "2023.07.31"]
[SourceQuality "1"]

1. e4 e5 2. Nf3 Nc6 3. Bb5 a6 4. Ba4 Nf6 5. Nc3 b5 6. Bb3 Bc5 7. d3 h6 8. Nd5 d6 9. c3 Rb8 10. 0-0 0-0 11. Be3 Nxd5 12. Bxd5 Bxe3 13. fxe3 Ne7 14. Bb3 Ng6 15. Qe1 Qe7 16. h4 Bg4 17. Qg3 Bh5 18. Rf2 a5 19. a3 b4 20. cxb4 axb4 21. a4 c6 22. Nh2 d5 23. Rf5 Be2 24. h5 Nh4 25. Rxe5 Qd6 26. d4 dxe4 27. Re1 Bd3 28. Ng4 Qd8 29. Nxh6+ Kh7 30. Nxf7 Rxf7 31. Bxf7 Qf6 32. Bg6+ Kg8 33. Re6 Nxg6 34. Rxf6 1-0

[Event "CAN Transnational op"]
[Site "Montreal"]
[Date "2023.06.06"]
[Round "1"]
[White "Heimann, Mark A"]
[Black "Johnson, Donald"]
[Result "1-0"]
[WhiteElo "2426"]
[BlackElo "2160"]
[PlyCount "85"]
[EventDate "2023.06.06"]
[EventType "swiss"]
[EventRounds "9"]
[EventCountry "CAN"]
[SourceTitle "CBM 214 Extra"]
[Source "ChessBase"]
[SourceDate "2023.07.31"]
[SourceVersion "1"]
[SourceVersionDate "2023.07.31"]
[SourceQuality "1"]

1. d4 Nf6 2. c4 g6 3. Nc3 d5 4. Nf3 Bg7 5. Qb3 dxc4 6. Qxc4 0-0 7. e4 a6 8. e5 b5 9. Qb3 Nfd7 10. e6 fxe6 11. Be3 c5 12. dxc5 Qc7 13. Ne4 Nf6 14. Nxf6+ exf6 15. h4 Qf7 16. h5 g5 17. h6 Bh8 18. a4 bxa4 19. Rxa4 Nc6 20. Rg4 Rb8 21. Qc2 Rd8 22. Bc4 Nb4 23. Qe2 Kf8 24. 0-0 Nd5 25. c6 e5 26. Bc5+ Ke8 27. Re4 Be6 28. Bxa6 g4 29. Nd4 Nc7 30. Nxe6 Qxe6 31. Bb7 f5 32. Ra4 e4 33. Ba7 Ra8 34. Bxa8 Rxa8 35. Qc2 g3 36. Bb6 Qxh6 37. fxg3 Rxa4 38. Qxa4 Be5 39. Qc4 Ne6 40. Qd5 Qf6 41. Qd7+ Kf8 42. c7 Nxc7 43. Rxf5 1-0

[Event "Charlotte CCCSA Spring IM-B"]
[Site "Charlotte"]
[Date "2023.03.16"]
[Round "3"]
[White "Johnson, Donald"]
[Black "Chirilov, James A"]
[Result "1-0"]
[WhiteElo "2240"]
[BlackElo "2168"]
[PlyCount "81"]
[EventDate "2023.03.15"]
[EventType "tourn"]
[EventRounds "9"]
[EventCountry "USA"]
[SourceTitle "CBM 213 Extra"]
[Source "ChessBase"]
[SourceDate "2023.05.31"]
[SourceVersion "1"]
[SourceVersionDate "2023.05.31"]
[SourceQuality "1"]

1. e4 c5 2. Nf3 d6 3. Bb5+ Nd7 4. a4 Ngf6 5. Nc3 a6 6. Be2 e6 7. d4 cxd4 8. Qxd4 b6 9. Be3 Bb7 10. 0-0 Qc7 11. Nd2 Be7 12. Rfd1 e5 13. Qd3 Nc5 14. Bxc5 dxc5 15. Nc4 0-0 16. Qf3 Nxe4 17. Nxe4 f5 18. Qb3 Bxe4 19. Nxb6+ c4 20. Qxc4+ Qxc4 21. Bxc4+ Kh8 22. Nxa8 Rxa8 23. Bd5 Bxd5 24. Rxd5 Bf6 25. f3 Rb8 26. Rb1 e4 27. Rxf5 e3 28. Rd5 Kg8 29. Kf1 Rc8 30. c3 Rc4 31. Ra1 Rc6 32. Ke2 Rb6 33. Ra2 Re6 34. Rd3 Bg5 35. g3 h5 36. f4 Bf6 37. Rxe3 Rb6 38. b4 Rc6 39. b5 axb5 40. axb5 Rc5 41. Rb2 1-0

[Event "Charlotte CCCSA Spring IM-B"]
[Site "Charlotte"]
[Date "2023.03.16"]
[Round "2"]
[White "Reiss, Aiden"]
[Black "Johnson, Donald"]
[Result "1/2-1/2"]
[WhiteElo "2112"]
[BlackElo "2240"]
[PlyCount "166"]
[EventDate "2023.03.15"]
[EventType "tourn"]
[EventRounds "9"]
[EventCountry "USA"]
[SourceTitle "CBM 213 Extra"]
[Source "ChessBase"]
[SourceDate "2023.05.31"]
[SourceVersion "1"]
[SourceVersionDate "2023.05.31"]
[SourceQuality "1"]

1. e4 e5 2. Nf3 Nc6 3. Bb5 a6 4. Ba4 Nf6 5. 0-0 Be7 6. Re1 b5 7. Bb3 0-0 8. a4 b4 9. d4 d6 10. dxe5 dxe5 11. Nbd2 Bc5 12. a5 h6 13. Qe2 Qe7 14. h3 Be6 15. Bxe6 Qxe6 16. Nb3 Ba7 17. Be3 Bxe3 18. Qxe3 Rfb8 19. Nh4 Ne8 20. Red1 Nd6 21. Rd5 Rb5 22. Qd3 Rxd5 23. exd5 Qf6 24. dxc6 Qxh4 25. Ra4 Nb5 26. Nc5 Rd8 27. Nd7 Qd4 28. Nxe5 Re8 29. Qxd4 Nxd4 30. Nd3 Nxc2 31. Nc5 Ra8 32. Kf1 Kf8 33. Nd3 Rd8 34. Nc5 Ra8 35. Nd3 Ke7 36. Nxb4 Nxb4 37. Rxb4 Kd6 38. Rg4 g6 39. Rf4 Rf8 40. Rf6+ Ke5 41. Rf3 Kd5 42. Rf6 Ke5 43. Rf3 f5 44. Rd3 Rf6 45. Rc3 Kd5 46. Ke2 Rxc6 47. Kd3 Rxc3+ 48. Kxc3 Kc5 49. h4 Kd5 50. Kd3 Kc5 51. Kc3 g5 52. h5 Kd5 53. f3 g4 54. fxg4 fxg4 55. g3 c5 56. Kd3 c4+ 57. Ke3 Ke5 58. Kd2 Kd4 59. Kc2 Ke3 60. Kc3 Kf3 61. Kxc4 Kxg3 62. b4 Kh4 63. b5 axb5+ 64. Kxb5 g3 65. a6 g2 66. a7 g1Q 67. a8Q Qg5+ 68. Kc4 Kxh5 69. Kd3 Qf4 70. Ke2 Qe5+ 71. Kf2 Kg4 72. Qf3+ Kh4 73. Qh1+ Kg5 74. Qg2+ Kf5 75. Qf3+ Kg6 76. Qg3+ Qg5 77. Qd6+ Kf5 78. Qd5+ Kg4 79. Qf3+ Kh4 80. Qh1+ Kg4 81. Qf3+ Kh4 82. Qh1+ Kg4 83. Qf3+ Kh4 1/2-1/2

[Event "Charlotte CCCSA Spring IM-B"]
[Site "Charlotte"]
[Date "2023.03.15"]
[Round "1"]
[White "Johnson, Donald"]
[Black "Quesada Vera, Liordis"]
[Result "0-1"]
[WhiteElo "2240"]
[BlackElo "2310"]
[PlyCount "66"]
[EventDate "2023.03.15"]
[EventType "tourn"]
[EventRounds "9"]
[EventCountry "USA"]
[SourceTitle "CBM 213 Extra"]
[Source "ChessBase"]
[SourceDate "2023.05.31"]
[SourceVersion "1"]
[SourceVersionDate "2023.05.31"]
[SourceQuality "1"]

1. e4 d6 2. d4 Nf6 3. Nc3 e5 4. Nf3 Nbd7 5. Bc4 Be7 6. 0-0 0-0 7. a4 c6 8. Re1 exd4 9. Nxd4 Ne5 10. Ba2 Ng6 11. h3 Re8 12. f4 Bf8 13. Kh1 Qa5 14. f5 Ne5 15. Bf4 Bd7 16. Qd2 a6 17. g4 c5 18. Nb3 Qb4 19. Qg2 Bc6 20. g5 Nxe4 21. Nxe4 Nf3 22. Qxf3 Rxe4 23. Kh2 Rxe1 24. Qf2 Re2 25. Qxe2 Qxf4+ 26. Kg1 Qg3+ 27. Kf1 Qxh3+ 28. Kg1 Qh1+ 29. Kf2 Qg2+ 30. Ke1 Re8 31. Qxe8 Bxe8 32. g6 c4 33. gxf7+ Bxf7 0-1

[Event "Titled Tuesday intern op 22nd Nov Early"]
[Site "Chess.com INT"]
[Date "2022.11.22"]
[Round "3"]
[White "Johnson, Donald"]
[Black "Levine, David M"]
[Result "1-0"]
[WhiteElo "2232"]
[BlackElo "2068"]
[PlyCount "73"]
[EventDate "2022.11.22"]
[EventType "swiss (blitz)"]
[EventRounds "11"]
[EventCountry "USA"]
[SourceTitle "CBM 211 Extra"]
[Source "ChessBase"]
[SourceDate "2023.01.31"]
[SourceVersion "1"]
[SourceVersionDate "2023.01.31"]
[SourceQuality "1"]

1. b3 Nf6 2. Bb2 d5 3. e3 Bg4 4. Be2 Bxe2 5. Qxe2 c6 6. Nf3 Nbd7 7. 0-0 Qc7 8. c4 e5 9. d3 Bd6 10. e4 d4 11. a3 c5 12. g3 Nf8 13. Nbd2 Ne6 14. Nh4 g6 15. Ng2 Nh5 16. Rae1 0-0 17. Bc1 Rae8 18. Nf3 f5 19. exf5 Rxf5 20. Ngh4 Nhf4 21. gxf4 Nxf4 22. Bxf4 Rxf4 23. Ng2 Rg4 24. h3 Rxg2+ 25. Kxg2 e4 26. dxe4 Bf4 27. e5 Rf8 28. Qe4 Qe7 29. e6 Rf5 30. b4 Bd6 31. bxc5 Bxc5 32. Nxd4 Qg5+ 33. Kh1 Bxd4 34. e7 Qh5 35. e8Q+ Kg7 36. Qxd4+ Kh6 37. Qg4 1-0

[Event "Titled Tuesday intern op 22nd Nov Early"]
[Site "Chess.com INT"]
[Date "2022.11.22"]
[Round "2"]
[White "Movahed, Sina"]
[Black "Johnson, Donald"]
[Result "1-0"]
[WhiteElo "2339"]
[BlackElo "2232"]
[PlyCount "41"]
[EventDate "2022.11.22"]
[EventType "swiss (blitz)"]
[EventRounds "11"]
[EventCountry "USA"]
[SourceTitle "CBM 211 Extra"]
[Source "ChessBase"]
[SourceDate "2023.01.31"]
[SourceVersion "1"]
[SourceVersionDate "2023.01.31"]
[SourceQuality "1"]

1. e4 c5 2. Nf3 d6 3. d4 cxd4 4. Nxd4 Nf6 5. Nc3 a6 6. Bg5 e6 7. f4 Be7 8. Qf3 Nbd7 9. Bc4 Nc5 10. 0-0-0 Qc7 11. Rhe1 Ncxe4 12. Nxe4 Qxc4 13. Nf5 Nxe4 14. Rxe4 Qxe4 15. Qxe4 Bxg5 16. Nxd6+ Ke7 17. fxg5 Rd8 18. Qb4 Rd7 19. Nxc8+ Kd8 20. Rxd7+ Kxd7 21. Nb6+ 1-0

[Event "Titled Tuesday intern op 09th Aug Early"]
[Site "Chess.com INT"]
[Date "2022.08.09"]
[Round "1"]
[White "Floresvillar Gonzalez, Luis Miguel"]
[Black "Johnson, Donald"]
[Result "0-1"]
[WhiteElo "2120"]
[BlackElo "2205"]
[PlyCount "88"]
[EventDate "2022.08.09"]
[EventType "swiss (blitz)"]
[EventRounds "11"]
[EventCountry "USA"]
[SourceTitle "EXT 2023"]
[Source "ChessBase"]
[SourceDate "2022.10.05"]
[SourceVersion "1"]
[SourceVersionDate "2022.10.05"]
[SourceQuality "1"]

1. d4 c5 2. e3 cxd4 3. exd4 d5 4. Nf3 Nc6 5. Bd3 Bg4 6. c3 e6 7. 0-0 Nf6 8. h3 Bh5 9. Bf4 Bd6 10. Bxd6 Qxd6 11. Nbd2 0-0 12. Re1 Rab8 13. a4 a6 14. a5 Qc7 15. b4 Ne7 16. Qc2 Nc8 17. Nb3 Nd6 18. Nc5 Bxf3 19. gxf3 g6 20. f4 Nfe8 21. Re3 Ng7 22. Rg3 Nh5 23. Rg4 Nc8 24. Qd2 Ne7 25. Kh1 Nf5 26. Bxf5 exf5 27. Rh4 Ng7 28. Rg1 h5 29. Rg5 Qe7 30. Nd3 Qe4+ 31. Kh2 Kh7 32. Qe3 Rbe8 33. Rg3 Qxe3 34. fxe3 f6 35. Kg2 Kh6 36. Nc5 g5 37. fxg5+ fxg5 38. Nxb7 gxh4 39. Rf3 Ne6 40. Nd6 Ng5 41. Nxf5+ Kh7 42. Rf4 Rxe3 43. Kf2 Rf3+ 44. Rxf3 Nxf3 0-1

[Event "Titled Tuesday intern op 02nd Aug Late"]
[Site "Chess.com INT"]
[Date "2022.08.02"]
[Round "7"]
[White "Fajdetic, Hrvoje"]
[Black "Johnson, Donald"]
[Result "0-1"]
[WhiteElo "2151"]
[BlackElo "2186"]
[PlyCount "86"]
[EventDate "2022.08.02"]
[EventType "swiss (blitz)"]
[EventRounds "11"]
[EventCountry "USA"]
[SourceTitle "EXT 2023"]
[Source "ChessBase"]
[SourceDate "2022.10.05"]
[SourceVersion "1"]
[SourceVersionDate "2022.10.05"]
[SourceQuality "1"]

1. b3 a5 2. a4 Nf6 3. Bb2 g6 4. f4 Bg7 5. Nf3 0-0 6. d3 d5 7. e3 c5 8. Be2 Nc6 9. Ne5 Qc7 10. 0-0 Nd7 11. Nxc6 Qxc6 12. Bxg7 Kxg7 13. Bf3 e5 14. Nc3 exf4 15. Bxd5 Qf6 16. Ne4 Qe5 17. Bc4 fxe3 18. Qe2 Nb6 19. Rae1 Nxc4 20. bxc4 Re8 21. h3 Bd7 22. Rf3 Bxa4 23. Rxe3 f5 24. Nc3 Qxe3+ 25. Qxe3 Rxe3 26. Rxe3 Bxc2 27. Re7+ Kh6 28. Nd5 Bxd3 29. Nf6 Bxc4 30. h4 g5 31. hxg5+ Kxg5 32. Nxh7+ Kg6 33. Rxb7 Rh8 34. Rc7 Rxh7 35. Rxc5 Bd3 36. Rxa5 Be4 37. Kf2 Rh2 38. Ra6+ Kg5 39. Kg1 Rxg2+ 40. Kf1 Rb2 41. Ra7 Kf4 42. Ra3 Bf3 43. Kg1 Kg3 0-1

[Event "Titled Tuesday intern op 02nd Aug Late"]
[Site "Chess.com INT"]
[Date "2022.08.02"]
[Round "2"]
[White "Fernandez Hernandez, Gerardo"]
[Black "Johnson, Donald"]
[Result "0-1"]
[WhiteElo "2169"]
[BlackElo "2186"]
[PlyCount "24"]
[EventDate "2022.08.02"]
[EventType "swiss (blitz)"]
[EventRounds "11"]
[EventCountry "USA"]
[SourceTitle "EXT 2023"]
[Source "ChessBase"]
[SourceDate "2022.10.05"]
[SourceVersion "1"]
[SourceVersionDate "2022.10.05"]
[SourceQuality "1"]

1. e4 g6 2. Nc3 Bg7 3. f4 c6 4. Nf3 d5 5. e5 Bg4 6. h3 Bxf3 7. Qxf3 h5 8. Be2 e6 9. 0-0 Nh6 10. d3 Nf5 11. Be3 Nxe3 12. Qxe3 d4 0-1

[Event "Titled Tuesday intern op 02nd Aug Late"]
[Site "Chess.com INT"]
[Date "2022.08.02"]
[Round "1"]
[White "Johnson, Donald"]
[Black "Nogerbek, Kazybek"]
[Result "0-1"]
[WhiteElo "2186"]
[BlackElo "2437"]
[PlyCount "110"]
[EventDate "2022.08.02"]
[EventType "swiss (blitz)"]
[EventRounds "11"]
[EventCountry "USA"]
[SourceTitle "EXT 2023"]
[Source "ChessBase"]
[SourceDate "2022.10.05"]
[SourceVersion "1"]
[SourceVersionDate "2022.10.05"]
[SourceQuality "1"]

1. e4 e5 2. Nf3 Nc6 3. Bb5 Nf6 4. 0-0 Nxe4 5. Re1 Nd6 6. Nxe5 Be7 7. Bf1 Nf5 8. Nf3 d5 9. d4 0-0 10. c3 Bd6 11. Bg5 f6 12. Bd2 Qd7 13. Qc1 Qf7 14. Bf4 Bd7 15. Bxd6 Nxd6 16. Nbd2 Rae8 17. Bd3 Bf5 18. Qc2 Ne7 19. Bxf5 Nexf5 20. Rxe8 Rxe8 21. Re1 a5 22. Qd1 h5 23. Rxe8+ Qxe8 24. Qe1 Qd7 25. Qe2 Qa4 26. Qe6+ Kh7 27. Qxd5 Qd1+ 28. Nf1 a4 29. Qe6 Qc2 30. Qd7 Nh6 31. Qxc7 Ne4 32. N3d2 Nxd2 33. Nxd2 Qxd2 34. h3 Qe1+ 35. Kh2 Qxf2 36. Qxb7 Nf5 37. Qe4 g6 38. Qd3 Qf4+ 39. Kg1 Ng3 40. d5 Qc1+ 41. Kh2 h4 42. Qxg3 hxg3+ 43. Kxg3 Qd2 44. b3 Qxc3+ 45. Kh2 axb3 46. axb3 Qxb3 47. d6 Qd5 48. d7 Qxd7 49. h4 Qe6 50. h5 Kh6 51. hxg6 Kxg6 52. Kg3 Kg5 53. Kf3 Qe4+ 54. Kg3 Qf4+ 55. Kh3 Qh4# 0-1

[Event "Titled Tuesday intern op 02nd Aug Late"]
[Site "Chess.com INT"]
[Date "2022.08.02"]
[Round "6"]
[White "Johnson, Donald"]
[Black "Stanisz, Patryk"]
[Result "1/2-1/2"]
[WhiteElo "2186"]
[BlackElo "2199"]
[PlyCount "130"]
[EventDate "2022.08.02"]
[EventType "swiss (blitz)"]
[EventRounds "11"]
[EventCountry "USA"]
[SourceTitle "EXT 2023"]
[Source "ChessBase"]
[SourceDate "2022.10.05"]
[SourceVersion "1"]
[SourceVersionDate "2022.10.05"]
[SourceQuality "1"]

1. Nf3 d5 2. b3 Nf6 3. e3 Nc6 4. Bb2 g6 5. c4 dxc4 6. Bxc4 Bg7 7. 0-0 0-0 8. Nc3 Bg4 9. h3 Bxf3 10. Qxf3 Ne5 11. Qe2 Nxc4 12. bxc4 c5 13. d4 cxd4 14. exd4 Qxd4 15. Nd5 Qc5 16. Qxe7 Qxe7 17. Nxe7+ Kh8 18. Nd5 Ne4 19. Bxg7+ Kxg7 20. Rfe1 Nc5 21. Re7 Rfe8 22. Rc7 b6 23. Rxc5 bxc5 24. Nc7 Rac8 25. Nxe8+ Rxe8 26. Rb1 Re4 27. Rb7 Rxc4 28. Rxa7 Rc1+ 29. Kh2 c4 30. a4 Ra1 31. a5 c3 32. Rc7 Rxa5 33. Rxc3 Ra2 34. Kg1 Ra1+ 35. Kh2 Ra2 36. Rf3 h5 37. h4 Ra4 38. g3 Ra1 39. Kg2 Ra6 40. Re3 Rd6 41. Re7 Kf6 42. Ra7 Rd2 43. Kf3 Rd3+ 44. Ke4 Rb3 45. Ra6+ Kg7 46. Kf4 Rb4+ 47. Kf3 Rb3+ 48. Kg2 Rb2 49. Rc6 Ra2 50. Rb6 Rc2 51. Rb3 Ra2 52. Re3 Rc2 53. Ra3 Rb2 54. Kf3 Rc2 55. Ke3 Rb2 56. Rd3 Ra2 57. f3 Rb2 58. Ra3 Rg2 59. Kf4 Rb2 60. Ra4 Rc2 61. Rb4 Ra2 62. Rd4 Rb2 63. Ra4 Rc2 64. Ke4 Rg2 65. Kf4 Rc2 1/2-1/2

[Event "Titled Tuesday intern op 02nd Aug Late"]
[Site "Chess.com INT"]
[Date "2022.08.02"]
[Round "11"]
[White "Navarrete Mendez, Gonzalo Albe"]
[Black "Johnson, Donald"]
[Result "0-1"]
[WhiteElo "2185"]
[BlackElo "2186"]
[PlyCount "144"]
[EventDate "2022.08.02"]
[EventType "swiss (blitz)"]
[EventRounds "11"]
[EventCountry "USA"]
[SourceTitle "EXT 2023"]
[Source "ChessBase"]
[SourceDate "2022.10.05"]
[SourceVersion "1"]
[SourceVersionDate "2022.10.05"]
[SourceQuality "1"]

1. e4 c5 2. Nf3 d6 3. Nc3 Nf6 4. Bc4 e6 5. d4 cxd4 6. Nxd4 a6 7. Bb3 Be7 8. g4 h6 9. h4 b5 10. a3 Bd7 11. Qf3 Nc6 12. Nxc6 Bxc6 13. g5 hxg5 14. hxg5 Rxh1+ 15. Qxh1 Nd7 16. g6 fxg6 17. Bxe6 Nf8 18. Bd5 Qc7 19. Be3 Bf6 20. Bxc6+ Qxc6 21. Nd5 Bxb2 22. e5 Rc8 23. Rd1 Bc3+ 24. Kf1 Bxe5 25. Qe4 Qc4+ 26. Qd3 Qxd3+ 27. cxd3 Nd7 28. d4 Bf6 29. Bf4 Rc4 30. Bxd6 Bxd4 31. Nc7+ Kf7 32. Nxa6 Bf6 33. Bb4 Ne5 34. Nb8 Nc6 35. Nxc6 Rxc6 36. Rd7+ Ke6 37. Rb7 Rc1+ 38. Kg2 Rc2 39. Rxb5 Bd4 40. Kf3 Rxf2+ 41. Ke4 Bf6 42. Rb6+ Kf7 43. Rb7+ Kg8 44. Bc5 Rf5 45. Bb4 Re5+ 46. Kf3 g5 47. a4 Rf5+ 48. Kg2 g4 49. a5 Bh4 50. a6 Rf2+ 51. Kg1 Ra2 52. a7 Kh7 53. Bc3 Kh6 54. Rxg7 Be1 55. Rc7 Bxc3 56. Rxc3 Rxa7 57. Kg2 Kg5 58. Rc8 Ra2+ 59. Kg1 Kf4 60. Rf8+ Kg3 61. Kf1 Ra1+ 62. Ke2 Kg2 63. Rc8 g3 64. Rc3 Ra2+ 65. Ke1 Kh2 66. Rc8 g2 67. Rh8+ Kg1 68. Rh7 Ra4 69. Ke2 Re4+ 70. Kf3 Re8 71. Rf7 Rh8 72. Rg7 Kh1 0-1

[Event "Pardubice Czech op-A 33rd"]
[Site "Pardubice"]
[Date "2022.07.24"]
[Round "3"]
[White "Johnson, Donald"]
[Black "Bronstein, Or"]
[Result "0-1"]
[WhiteElo "2186"]
[BlackElo "2476"]
[PlyCount "76"]
[EventDate "2022.07.22"]
[EventType "swiss"]
[EventRounds "9"]
[EventCountry "CZE"]
[SourceTitle "CBM 209 Extra"]
[Source "ChessBase"]
[SourceDate "2022.09.30"]
[SourceVersion "1"]
[SourceVersionDate "2022.09.30"]
[SourceQuality "1"]

1. e4 c5 2. Nf3 d6 3. d4 cxd4 4. Nxd4 Nf6 5. Nc3 a6 6. h3 e5 7. Nb3 Be6 8. Be3 Nbd7 9. g4 h6 10. Qd2 b5 11. 0-0-0 Be7 12. f4 b4 13. Nd5 Nxe4 14. Qg2 Bxd5 15. Rxd5 Ndf6 16. Rd1 exf4 17. Bxf4 d5 18. Bc4 0-0 19. Bxd5 Nxd5 20. Qxe4 Bg5 21. Rhf1 Nxf4 22. Rxd8 Raxd8 23. Kb1 Nd5 24. Na5 Rfe8 25. Qc4 Re6 26. Rh1 Red6 27. a4 bxa3 28. Nb7 Ne3 29. Qe2 Rb6 30. b3 Rxb7 31. h4 Nd5 32. Qxa6 a2+ 33. Kb2 Bf6+ 34. Ka3 Rbb8 35. b4 Ra8 36. b5 Rxa6+ 37. bxa6 a1Q+ 38. Rxa1 Bxa1 0-1

[Event "Titled Tuesday intern op 28th Jun Early"]
[Site "Chess.com INT"]
[Date "2022.06.28"]
[Round "6"]
[White "Jiganchine, Roman"]
[Black "Johnson, Donald"]
[Result "0-1"]
[WhiteElo "2205"]
[BlackElo "2214"]
[PlyCount "58"]
[EventDate "2022.06.28"]
[EventType "swiss (blitz)"]
[EventRounds "11"]
[EventCountry "USA"]
[SourceTitle "CBM 209 Extra"]
[Source "ChessBase"]
[SourceDate "2022.09.30"]
[SourceVersion "1"]
[SourceVersionDate "2022.09.30"]
[SourceQuality "1"]

1. Nf3 g6 2. d4 Nf6 3. Nc3 d5 4. Bf4 Bg7 5. e3 0-0 6. Be2 c5 7. h3 cxd4 8. exd4 Nc6 9. 0-0 Ne4 10. Bb5 Nxc3 11. bxc3 Bd7 12. Re1 Rc8 13. Bf1 Na5 14. Ne5 Bf5 15. Bd2 Nc6 16. Bd3 Bxd3 17. cxd3 Qc7 18. Nxc6 bxc6 19. Qe2 e6 20. Rab1 Rb8 21. Qf3 Qa5 22. Bf4 Rxb1 23. Rxb1 Qxc3 24. Rb7 Bxd4 25. Bd6 Qe1+ 26. Kh2 Bxf2 27. h4 Qg1+ 28. Kh3 Qh1+ 29. Kg4 Qxh4# 0-1

[Event "Titled Tuesday intern op 28th Jun Early"]
[Site "Chess.com INT"]
[Date "2022.06.28"]
[Round "5"]
[White "Johnson, Donald"]
[Black "Yuan, Qingyu"]
[Result "0-1"]
[WhiteElo "2214"]
[BlackElo "2373"]
[PlyCount "178"]
[EventDate "2022.06.28"]
[EventType "swiss (blitz)"]
[EventRounds "11"]
[EventCountry "USA"]
[SourceTitle "CBM 209 Extra"]
[Source "ChessBase"]
[SourceDate "2022.09.30"]
[SourceVersion "1"]
[SourceVersionDate "2022.09.30"]
[SourceQuality "1"]

1. e4 c6 2. d4 d5 3. e5 c5 4. c3 Nc6 5. Be2 cxd4 6. cxd4 Bf5 7. Nc3 e6 8. Nf3 Nge7 9. Be3 Nc8 10. 0-0 Be7 11. Rc1 0-0 12. Qd2 Nb6 13. b3 Ba3 14. Rcd1 Bb4 15. h3 Rc8 16. Rc1 Ba3 17. Rcd1 Bb4 18. Rc1 h6 19. Bd3 Ne7 20. Bxf5 Nxf5 21. Qd3 Ba3 22. Rc2 Qd7 23. Bc1 Bb4 24. Bd2 a6 25. Rfc1 Ba3 26. Rd1 Rc6 27. Ne2 Rfc8 28. Rxc6 Qxc6 29. Bc1 Bb4 30. Bd2 Ba3 31. Bc1 Bf8 32. Bb2 Qc2 33. Qxc2 Rxc2 34. Rd2 Rc8 35. Rd1 Rc2 36. Rd2 Rc6 37. Rd1 Nd7 38. Rc1 Nb8 39. Rxc6 Nxc6 40. g4 Nfe7 41. Kf1 Nc8 42. Nc1 Be7 43. Nd3 Nb6 44. Ke2 Nd7 45. Nd2 Kh7 46. f4 h5 47. Nf3 hxg4 48. hxg4 g6 49. f5 gxf5 50. gxf5 exf5 51. Nf4 Nb6 52. Nd2 Nd8 53. Nf1 Ne6 54. Kf3 Bg5 55. Nd3 Kg6 56. Ne3 Bxe3 57. Kxe3 Kg5 58. Kf3 f4 59. Nxf4 Nxf4 60. Bc1 Kf5 61. Bxf4 Nd7 62. Be3 Nf8 63. Bf2 Ne6 64. Ke3 Ng5 65. Kd3 Kg4 66. Be3 Ne6 67. Bd2 Kf3 68. Bh6 Nf4+ 69. Kc3 Ne2+ 70. Kd3 Nf4+ 71. Kc3 Ke4 72. Bxf4 Kxf4 73. Kb4 b6 74. a4 Ke4 75. a5 bxa5+ 76. Kxa5 Kxd4 77. Kxa6 Kc3 78. Kb5 d4 79. Kc5 d3 80. Kd6 d2 81. Ke7 d1Q 82. Kxf7 Qxb3+ 83. e6 Kd4 84. Ke7 Ke5 85. Kf8 Qxe6 86. Kg7 Qf6+ 87. Kh7 Qe7+ 88. Kh8 Kf6 89. Kg8 Qg7# 0-1